000 01017nam a22003377a 4500
001 BR2012001916
003 BR-BrBNA
005 20230928103932.0
007 ta
008 230509b bl.||||| |||| 00| 0 por d
040 _aBR-BrBNA
_bpor
_cBiblioteca Nacional de Agricultura
041 _a(Por)
072 _aF30; F02
_b0170
090 _ 0170 BR2012001916
100 1 _aLino, L. de O.
110 1 _aUniversidade Federal de Lavras, MG (Brasil)
_0Tese (Mestrado)
245 1 _aCaracterísticas anatômicas e fisiológicas de genótipos de sorgo contrastantes para tolerância à seca
260 3 _aLavras, MG (Brasil):
_c2011.
300 _a85 p.
500 _aSummaries (Eng, Por); Several bibliography; 16 tables
650 _aSORGO
650 _aGENÓTIPO
650 _aANATOMIA VEGETAL
650 _aFISIOLOGIA VEGETAL
650 _aSTRESS
650 _aSECA
650 _aCARACTERÍSTICAS AGRONÔMICAS
650 _aFOTOTSSÍNTESE
909 _a202309
_bLucia
_c55
_dLucia Elande
942 _cBK
999 _c77315
_d77315